| 000 | 00818nam a2200241 a 4500 | ||
|---|---|---|---|
| 005 | 20210223124845.0 | ||
| 008 | 030306s2000 mx r 000 0 spa d | ||
| 020 | _a8424922751 | ||
| 035 | _aUPN01000122572 | ||
| 049 | _aC | ||
| 050 | 4 |
_aPC4854 _bC8 H3.3 |
|
| 100 | 1 | _aHaensch, Gunther | |
| 245 | 1 | 0 |
_aDiccionario del español de cuba : _bespañol de Cuba - español de España / _cGunter Haensch, Werner Reinhold ; coord. Gisela Cárdenas Molina. |
| 260 |
_aMadrid : _bGredos, _c2000 |
||
| 300 | _alviii, 606 p. | ||
| 440 | 0 | _aDiccionario constrastivos del español de América | |
| 650 | 4 |
_aESPAÑOL - _xPROVINCIALISMOS - _zCUBA _922191 |
|
| 650 | 4 |
_aESPAÑOL - _vDICCIONARIOS _99421 |
|
| 700 | 1 |
_aReinhold, Werner, _eCoaut. |
|
| 700 | 1 |
_aCárdenas Molina, Gisela _eCoord. |
|
| 902 | _aGPR/GPE | ||
| 905 | _aLibro | ||
| 999 |
_c94758 _d94758 |
||